000 00738nam a2200301Ia 4500
008 180803s9999 xx 000 0 und d
020 _a9780545208079
050 _bB786 2008
100 _aBowers, Tim
245 0 _aGorgonzola :
245 2 _ba very stinkysaurus /
245 0 _cby Margie Palatini ; illustrated by Tim Bowers.
260 _aBroadway, New York :
260 _bScholastic,
260 _c2008
300 _aunpaged :
300 _bcolored ;
300 _c23cm.
500 _a410
650 _aBaths --
650 _aDinosaurs --
650 _aOdors --
650 _xJuvenile fiction.
650 _xJuvenile fiction.
650 _xJuvenile fiction.
700 _aBowers, Tim.
700 _aTitle.
999 _c358295
_d358295